NBA by famous thing - Statistics

General Stats
  • This quiz has been taken 15 times
    5 since last reset
  • The average score is 10 of 15
Answer Stats
Hint Answer % Correct
Shortest MVP Iverson
100%
The GOAT Jordan
100%
He blocked Andre Iguodala Lebron
100%
Earvin Magic Johnson
100%
Beefs with Charles barkley Shaq
100%
had 71 and the most points in a game for San Antonio David Robinson
75%
Best friends with Kim jong UN Dennis Rodman
75%
Shortest player Bouges
50%
Got swung at by Draymond Jordan Poole
50%
Played in the aba and the NBA Julius Erving
50%
Most triple doubles top 3 Nikola JokicRussell Westbrook Oscar Robertson
50%
Got stepped over Tyron Lue
50%
Stepped on by Draymond Domantas Sabonis
25%
tallest player Gheorghe Muresan
25%
Got headlocked by Draymond Rudy Gobert
25%
No matching quizzes found
Score Distribution
Percent of People with Each Score
Percentile by Number Answered
Your Score History
You have not taken this quiz since the last reset